[Event "XVIII Festival Conca della Presolana Magistrale"]
[Site "Bratto - Castione della Presolana ITA"]
[Date "1998.08.??"]
[Round "?"]
[White "Bosio, Devis"]
[Black "Satta, Vladimiro"]
[Result "0-1"]
[WhiteElo "1975"]
[BlackElo "2225"]
[PlyCount "84"]
[EventDate "1998.08.22"]

1. e4 e6 2. d4 d5 3. Nd2 c5 4. exd5 Qxd5 5. Ngf3 cxd4 6. Bc4 Qd6 7. O-O Nf6 8.
Nb3 Nc6 9. Nbxd4 Nxd4 10. Qxd4 Qxd4 11. Nxd4 Bd7 12. Bf4 Rc8 13. Bb3 Bc5 14.
Nf3 Ke7 15. Ne5 Bb5 16. Rfe1 Rcd8 17. a4 Ba6 18. h3 Nd5 19. Bg3 f6 20. Nf3 Rhe8
21. Rad1 Kf8 22. c3 b6 23. Nd4 Bxd4 24. Rxd4 Bb7 25. Red1 Ra8 26. c4 Ne7 27.
Bd6 Kf7 28. g4 Nc6 29. R4d2 Rac8 30. Bc2 Red8 31. b4 g6 32. h4 Ba8 33. f4 Ne7
34. Bb3 Bf3 35. Rc1 Bxg4 36. c5 Nf5 37. Rcc2 Nxh4 38. Kf2 Nf5 39. Ra2 bxc5 40.
bxc5 Rc6 41. Kg2 h5 42. a5 Nxd6 0-1

[Event "XVIII Festival Conca della Presolana Magistrale"]
[Site "Bratto - Castione della Presolana ITA"]
[Date "1998.08.??"]
[Round "?"]
[White "Bosio, Devis"]
[Black "Todor, Razvan"]
[Result "1/2-1/2"]
[WhiteElo "1975"]
[BlackElo "2205"]
[PlyCount "91"]
[EventDate "1998.08.22"]

1. e4 d5 2. exd5 Nf6 3. d4 Bg4 4. Be2 Bxe2 5. Qxe2 Qxd5 6. Nf3 Nc6 7. c4 Qe4 8.
Nc3 Qxe2+ 9. Kxe2 e6 10. Bg5 Be7 11. Rad1 O-O-O 12. Rd2 h6 13. Be3 Ng4 14. Rhd1
Bb4 15. Rd3 Na5 16. b3 Rhe8 17. h3 Nxe3 18. fxe3 f6 19. e4 Nc6 20. Kf1 f5 21.
exf5 exf5 22. d5 Ne5 23. Nxe5 Rxe5 24. Nb5 a6 25. Nd4 g5 26. Nc2 Bd6 27. Re3
Rxe3 28. Nxe3 Rf8 29. Nc2 f4 30. Nd4 Rf6 31. Kf2 Rg6 32. Nf5 Bc5+ 33. Kf3 h5
34. Re1 Kd7 35. Re4 Bf8 36. Nd4 Bd6 37. Nf5 Bf8 38. Nd4 Bd6 39. Re6 g4+ 40.
hxg4 hxg4+ 41. Ke2 Rg5 42. Re4 Rh5 43. Ne6 Rf5 44. Ng7 Rf7 45. Ne6 Rf5 46. Nd4
1/2-1/2

[Event "XVIII Festival Conca della Presolana Magistrale"]
[Site "Bratto - Castione della Presolana ITA"]
[Date "1998.08.??"]
[Round "?"]
[White "Bossi, Alessandro"]
[Black "Farina, Saverio"]
[Result "0-1"]
[WhiteElo "2110"]
[BlackElo "2170"]
[PlyCount "90"]
[EventDate "1998.08.22"]

1. d4 d5 2. c4 e6 3. Nc3 c5 4. cxd5 exd5 5. Nf3 Nc6 6. g3 Nf6 7. Bg2 Be7 8. O-O
O-O 9. dxc5 Bxc5 10. Bg5 Be6 11. Re1 Be7 12. Nd4 h6 13. Bxf6 Bxf6 14. Nxe6 fxe6
15. e3 Qe7 16. Qe2 Rad8 17. Red1 Kh8 18. a3 Qf7 19. Rd2 Ne5 20. b3 Be7 21. a4
g6 22. Na2 Nc6 23. Qd3 Ba3 24. Rb1 Bd6 25. b4 Ne5 26. Qe2 Nc4 27. Rd4 Be5 28.
Rdd1 b5 29. a5 Qf5 30. Rb3 Rc8 31. Nc1 Nd6 32. Nd3 Rc4 33. Nc5 Rc2 34. Rd2 Rc1+
35. Bf1 Ne4 36. Nxe4 Qxe4 37. Rd1 Rfc8 38. Rxc1 Rxc1 39. f3 Qc4 40. Qd3 Bc3 41.
Qxc4 dxc4 42. Ra3 Bxb4 43. Ra2 Bc5 44. Kf2 Rc3 45. Re2 Kg8 0-1

[Event "XVIII Festival Conca della Presolana Magistrale"]
[Site "Bratto - Castione della Presolana ITA"]
[Date "1998.08.??"]
[Round "?"]
[White "Bossi, Alessandro"]
[Black "Lagrotteria, Salvatore"]
[Result "1/2-1/2"]
[WhiteElo "2110"]
[BlackElo "2180"]
[PlyCount "144"]
[EventDate "1998.08.22"]

1. e4 c5 2. Nf3 Nc6 3. b3 d6 4. Bb2 e5 5. Be2 g6 6. O-O Bg7 7. Re1 Nge7 8. h3
O-O 9. c3 d5 10. d3 b6 11. Nbd2 Bb7 12. Bf1 Qc7 13. Rc1 Rad8 14. Qc2 f5 15.
exd5 Nxd5 16. Qb1 Bh6 17. Rcd1 Rfe8 18. a3 Nf6 19. b4 a5 20. bxc5 bxc5 21. Qa2+
Qf7 22. Qxf7+ Kxf7 23. Nb3 Bf8 24. d4 cxd4 25. Bc4+ Kg7 26. cxd4 exd4 27. Nbxd4
Nxd4 28. Nxd4 Bd5 29. Rxe8 Rxe8 30. Bxd5 Nxd5 31. Nxf5+ Kg8 32. Rxd5 gxf5 33.
Rxa5 Re1+ 34. Kh2 f4 35. a4 Rd1 36. Be5 Rd2 37. f3 Bh6 38. h4 Re2 39. Rb5 Kf7
40. a5 Ra2 41. Bb8 Bg7 42. Bxf4 Ra4 43. g3 Ra3 44. Kg2 Ra2+ 45. Kh3 Bc3 46. Bc7
Be1 47. Kg4 Ra3 48. Rb7 Ke6 49. Ra7 Kd5 50. h5 Kc6 51. a6 Bf2 52. Bb6 Bxb6 53.
Rxh7 Kd5 54. h6 Ke6 55. Rb7 Bd4 56. a7 Rxa7 57. Rxa7 Bxa7 58. Kg5 Kf7 59. Kf5
Bf2 60. g4 Be3 61. g5 Bd2 62. f4 Bc1 63. Kg4 Kg6 64. f5+ Kh7 65. Kh5 Bb2 66. f6
Kg8 67. Kg6 Bc1 68. Kf5 Bd2 69. Kg4 Bc1 70. Kh4 Bd2 71. Kh5 Bc3 72. Kg6 Bd2
1/2-1/2

[Event "XVIII Festival Conca della Presolana Magistrale"]
[Site "Bratto - Castione della Presolana ITA"]
[Date "1998.08.??"]
[Round "?"]
[White "Bossi, Alessandro"]
[Black "Piantoni, Roberto"]
[Result "0-1"]
[WhiteElo "2110"]
[BlackElo "2185"]
[PlyCount "70"]
[EventDate "1998.08.22"]

1. e4 e6 2. d4 d5 3. Nc3 Bb4 4. e5 c5 5. Bd2 Ne7 6. Nf3 cxd4 7. Nb5 Bxd2+ 8.
Qxd2 O-O 9. O-O-O Nbc6 10. Nbxd4 f6 11. exf6 Rxf6 12. Nxc6 Nxc6 13. c4 Qb6 14.
Qe3 Qc7 15. c5 b6 16. Bb5 Nb8 17. Kb1 bxc5 18. Rhe1 Nd7 19. Bd3 Nf8 20. Ne5 c4
21. Bc2 Rb8 22. Qg3 Qb6 23. b3 cxb3 24. axb3 Ng6 25. Ng4 Rf7 26. h4 Qc7 27. Qd3
Qc4 28. Qg3 Qf4 29. Nh6+ gxh6 30. Bxg6 hxg6 31. Qxg6+ Kf8 32. Rd3 Qf5 33. Qxh6+
Ke8 34. Qh8+ Kd7 35. Qc3 Ba6 0-1

[Event "XVIII Festival Conca della Presolana Magistrale"]
[Site "Bratto - Castione della Presolana ITA"]
[Date "1998.08.??"]
[Round "?"]
[White "Braghetta, Sergio"]
[Black "Arlandi, Ennio"]
[Result "1/2-1/2"]
[WhiteElo "2235"]
[BlackElo "2440"]
[PlyCount "176"]
[EventDate "1998.08.22"]

1. e4 c6 2. d3 d5 3. Nd2 g6 4. Ngf3 Bg7 5. g3 e5 6. Bg2 Ne7 7. O-O O-O 8. Re1
Qc7 9. c3 a5 10. Qc2 f5 11. exd5 cxd5 12. a4 Nbc6 13. Nb3 h6 14. h4 b6 15. d4
e4 16. Bf4 Qd8 17. Ne5 Ba6 18. Bf1 Bxf1 19. Kxf1 Qe8 20. Nxc6 Qxc6 21. Qd2 Kh7
22. Nc1 Nc8 23. Ne2 Nd6 24. Bxd6 Qxd6 25. Ra3 Bf6 26. Qf4 Qd7 27. Qe3 Rab8 28.
f4 Be7 29. Ra2 Kg7 30. Kf2 Rbc8 31. Ng1 Rc4 32. b3 Rc6 33. Rc1 Qc7 34. Ne2 Rb8
35. Rac2 Rc8 36. c4 Qd8 37. Kg2 Qg8 38. c5 Qd8 39. Qd2 Kf8 40. cxb6 Rxc2 41.
Rxc2 Rxc2 42. Qxc2 Qxb6 43. Kf2 Bf6 44. Qc3 Ke7 45. Ke3 Kd7 46. Nc1 g5 47. hxg5
hxg5 48. Ne2 g4 49. Kf2 Be7 50. Ke3 Bb4 51. Qc1 Qh6 52. Qg1 Qh3 53. Nc1 Bd6 54.
Ne2 Ke6 55. Kd2 Qh8 56. Ke3 Kd7 57. Kd2 Qb8 58. Qd1 Be7 59. Ke3 Qb4 60. Kf2 Bf6
61. Ke3 Bd8 62. Kf2 Bb6 63. Ke3 Kc6 64. Kf2 Kb7 65. Ke3 Qf8 66. Kf2 Qh8 67. Ke3
Qh2 68. Qf1 Kc7 69. Qf2 Qh1 70. Ng1 Kd7 71. Kd2 Kd6 72. Kc3 Ke7 73. Kd2 Bc7 74.
Kc2 Bd6 75. Kd1 Bb4 76. Kc2 Qh6 77. Ne2 Qe6 78. Qe3 Qa6 79. Nc1 Qf1 80. Qe2 Qf3
81. Qh2 Qc3+ 82. Kb1 Qxd4 83. Qh7+ Kd8 84. Qg8+ Kd7 85. Qf7+ Be7 86. Qxf5+ Kd6
87. Qc8 Bf6 88. Qb8+ Ke7 1/2-1/2

[Event "XVIII Festival Conca della Presolana Magistrale"]
[Site "Bratto - Castione della Presolana ITA"]
[Date "1998.08.??"]
[Round "?"]
[White "Braghetta, Sergio"]
[Black "Bancod, Ronald"]
[Result "0-1"]
[WhiteElo "2235"]
[BlackElo "2400"]
[PlyCount "136"]
[EventDate "1998.08.22"]

1. e4 c5 2. Nf3 Nc6 3. d4 cxd4 4. Nxd4 g6 5. c4 Bg7 6. Be3 Nf6 7. Nc3 O-O 8.
Be2 d6 9. O-O Bd7 10. Rc1 a5 11. f3 a4 12. Qd2 Qa5 13. Rfd1 Rfc8 14. Nxc6 Bxc6
15. Bf1 Nd7 16. Rc2 h5 17. Bg5 Bf6 18. Be3 Kg7 19. Kh1 h4 20. Rdc1 Nc5 21. Qf2
Rh8 22. Kg1 Rh5 23. Be2 Rah8 24. Qe1 Ra8 25. Qf1 Rhh8 26. Qf2 g5 27. Nd5 Bxd5
28. exd5 Rac8 29. Bf1 Qd8 30. Qd2 Qb6 31. Kh1 Rcg8 32. Bxg5 Bxg5 33. Qxg5+ Kf8
34. Qe3 Rg6 35. Re1 Qd8 36. b4 axb3 37. axb3 Rh5 38. b4 Nd7 39. Ra2 Nf6 40. Ra7
Qd7 41. Ra8+ Ne8 42. Qb6 Re5 43. Rea1 Kg7 44. Rd8 Qc7 45. Qxc7 Nxc7 46. Rd7 Ne8
47. Rxb7 Re3 48. Kg1 Rxf3 49. Rxe7 Nf6 50. Raa7 Nh7 51. Be2 Rf4 52. Re3 Ng5 53.
b5 Rd4 54. Ra1 Rh6 55. b6 Rd2 56. Rb1 Rh8 57. b7 Rb8 58. Kf1 Ra2 59. Re7 Ra7
60. Bd3 Kf6 61. Rc7 Ke5 62. Ke2 Kd4 63. Bf5 Ke5 64. Bd7 Ne4 65. Rb2 Kd4 66. Bc6
Rg8 67. Kf3 h3 68. Kf4 Ra1 0-1

[Event "XVIII Festival Conca della Presolana Magistrale"]
[Site "Bratto - Castione della Presolana ITA"]
[Date "1998.08.??"]
[Round "?"]
[White "Braghetta, Sergio"]
[Black "Grosar, Kiti"]
[Result "1-0"]
[WhiteElo "2235"]
[BlackElo "2290"]
[PlyCount "63"]
[EventDate "1998.08.22"]

1. e4 d5 2. exd5 Qxd5 3. Nc3 Qa5 4. d4 c6 5. Nf3 Bf5 6. Ne5 Nf6 7. Nc4 Qd8 8.
Bf4 e6 9. Be2 Be7 10. O-O O-O 11. Bf3 Nd5 12. Bg3 Nd7 13. Nd6 Bxd6 14. Bxd6 Re8
15. Re1 N7b6 16. Bg3 Nc4 17. Nxd5 cxd5 18. b3 Na3 19. Rc1 b5 20. c3 Rc8 21. Qd2
a5 22. h4 Qb6 23. Bf4 h6 24. g4 Bh7 25. g5 hxg5 26. hxg5 Bg6 27. Kg2 b4 28. Be5
Rxc3 29. Rxc3 bxc3 30. Qf4 Qd8 31. Rh1 Rf8 32. Bf6 1-0

[Event "XVIII Festival Conca della Presolana Magistrale"]
[Site "Bratto - Castione della Presolana ITA"]
[Date "1998.08.??"]
[Round "?"]
[White "Braghetta, Sergio"]
[Black "Manca, Federico"]
[Result "1/2-1/2"]
[WhiteElo "2235"]
[BlackElo "2380"]
[PlyCount "46"]
[EventDate "1998.08.22"]

1. e4 d6 2. d4 Nf6 3. Bd3 g6 4. c3 Bg7 5. Nf3 O-O 6. O-O Nc6 7. Na3 e5 8. Nc2
h6 9. Re1 a5 10. b3 d5 11. Nxe5 Nxe5 12. dxe5 Nxe4 13. Bxe4 dxe4 14. Bf4 a4 15.
Nd4 Qd5 16. Nc2 Rd8 17. Qe2 Be6 18. Rad1 Qc5 19. Nd4 Bd5 20. c4 Bc6 21. Nxc6
Qxc6 22. h4 axb3 23. axb3 Rxd1 1/2-1/2

[Event "XVIII Festival Conca della Presolana Magistrale"]
[Site "Bratto - Castione della Presolana ITA"]
[Date "1998.08.??"]
[Round "?"]
[White "Capece, Adolivio"]
[Black "Di Fonzo, Valerio"]
[Result "1/2-1/2"]
[WhiteElo "2015"]
[BlackElo "2215"]
[PlyCount "59"]
[EventDate "1998.08.22"]

1. c4 e5 2. Nc3 Nc6 3. g3 g6 4. Bg2 Bg7 5. d3 f5 6. Rb1 a5 7. a3 Nf6 8. Bg5 h6
9. Bd2 Nd4 10. e3 Ne6 11. Nge2 O-O 12. Qc2 d6 13. b4 axb4 14. axb4 c6 15. O-O
d5 16. cxd5 cxd5 17. Ra1 Rxa1 18. Rxa1 e4 19. d4 g5 20. Qa2 Rf7 21. Qa5 Qxa5
22. bxa5 Rc7 23. Nb5 Rc2 24. Rc1 Rxc1+ 25. Bxc1 Bf8 26. Ba3 Bxa3 27. Nxa3 Bd7
28. Nc3 Nd8 29. Bf1 Nc6 30. a6 1/2-1/2

[Event "XVIII Festival Conca della Presolana Magistrale"]
[Site "Bratto - Castione della Presolana ITA"]
[Date "1998.08.??"]
[Round "?"]
[White "Capece, Adolivio"]
[Black "Ruggeri, Pietro"]
[Result "1/2-1/2"]
[WhiteElo "2015"]
[BlackElo "2145"]
[PlyCount "89"]
[EventDate "1998.08.22"]

1. c4 g6 2. Nc3 Bg7 3. g3 d6 4. Bg2 Nc6 5. d3 Bd7 6. Rb1 Rb8 7. e3 b6 8. Nge2
Nf6 9. b4 Qc8 10. d4 O-O 11. O-O e6 12. e4 e5 13. d5 Nd4 14. Nxd4 exd4 15. Nb5
Re8 16. f3 a5 17. Nxd4 axb4 18. Rxb4 Qa6 19. Rf2 h5 20. Nb5 Bxb5 21. cxb5 Qa5
22. a3 Nd7 23. Bf1 Nc5 24. Qc2 Ra8 25. Kg2 Re7 26. Bc4 Bd4 27. Re2 Rae8 28. Bb2
Be5 29. Bxe5 Rxe5 30. Qb2 Na4 31. Qc2 Nc5 32. Qb2 Ra8 33. Re3 f5 34. Kf2 fxe4
35. f4 Rf8 36. Kg1 Ree8 37. Bf1 Nd3 38. Bxd3 exd3 39. Rxd3 Qa8 40. Rd1 Re3 41.
Qc2 Qe8 42. Rc4 h4 43. gxh4 Re2 44. Qd3 Re3 45. Qc2 1/2-1/2

[Event "XVIII Festival Conca della Presolana Magistrale"]
[Site "Bratto - Castione della Presolana ITA"]
[Date "1998.08.??"]
[Round "?"]
[White "Capece, Adolivio"]
[Black "Satta, Vladimiro"]
[Result "0-1"]
[WhiteElo "2015"]
[BlackElo "2225"]
[PlyCount "75"]
[EventDate "1998.08.22"]

1. c4 e5 2. Nc3 d6 3. g3 g6 4. Bg2 Bg7 5. d3 Nc6 6. Rb1 a5 7. a3 Nf6 8. Bg5 h6
9. Bd2 O-O 10. e3 Be6 11. Nd5 Qd7 12. Ne2 Ne8 13. b4 axb4 14. axb4 Bh3 15. O-O
Nd8 16. Bc3 Bxg2 17. Kxg2 Ne6 18. f4 f5 19. Qb3 Kh7 20. Ra1 Rxa1 21. Rxa1 Qd8
22. b5 c6 23. bxc6 bxc6 24. Ba5 Qd7 25. Nb6 Qb7 26. Rb1 Rf7 27. Bd2 Nc5 28. Qb2
Qa6 29. d4 exd4 30. exd4 Ne4 31. Be3 Rb7 32. c5 dxc5 33. dxc5 N8f6 34. Nd4 Ng4
35. Bg1 Bf8 36. Ne6 Bg7 37. h3 Nef6 38. Nd4 0-1

[Event "XVIII Festival Conca della Presolana Magistrale"]
[Site "Bratto - Castione della Presolana ITA"]
[Date "1998.08.??"]
[Round "?"]
[White "Caruso, Daniele"]
[Black "Capece, Adolivio"]
[Result "1/2-1/2"]
[WhiteElo "2135"]
[BlackElo "2015"]
[PlyCount "33"]
[EventDate "1998.08.22"]

1. e4 c5 2. Nf3 Nc6 3. d4 cxd4 4. Nxd4 g6 5. c4 Nf6 6. Nc3 d6 7. Be2 Nxd4 8.
Qxd4 Bg7 9. Be3 O-O 10. Qd2 Qa5 11. Rc1 Be6 12. O-O Rfc8 13. b3 a6 14. Bf3 Rd8
15. Nd5 Qxd2 16. Bxd2 Bxd5 17. exd5 1/2-1/2

[Event "XVIII Festival Conca della Presolana Magistrale"]
[Site "Bratto - Castione della Presolana ITA"]
[Date "1998.08.??"]
[Round "?"]
[White "Caruso, Daniele"]
[Black "Grosar, Kiti"]
[Result "0-1"]
[WhiteElo "2135"]
[BlackElo "2290"]
[PlyCount "58"]
[EventDate "1998.08.22"]

1. e4 d5 2. exd5 Qxd5 3. Nc3 Qa5 4. d4 c6 5. Nf3 Bf5 6. Bc4 Nf6 7. Bd2 e6 8.
Qe2 Bb4 9. O-O-O Nbd7 10. Ne5 Nxe5 11. dxe5 Nd5 12. Nxd5 exd5 13. Bxb4 Qxb4 14.
Bd3 O-O 15. Kb1 Bxd3 16. Rxd3 Rae8 17. Re3 Re6 18. g3 Rfe8 19. Re1 d4 20. Re4
Qc5 21. g4 f6 22. exf6 Rxe4 23. f7+ Kxf7 24. Qf3+ Kg6 25. Rxe4 Qd5 26. Qf5+
Qxf5 27. gxf5+ Kf7 28. f3 Rxe4 29. fxe4 Kf6 0-1

[Event "XVIII Festival Conca della Presolana Magistrale"]
[Site "Bratto - Castione della Presolana ITA"]
[Date "1998.08.??"]
[Round "?"]
[White "Caruso, Daniele"]
[Black "Ruzzier, Dario"]
[Result "1-0"]
[WhiteElo "2135"]
[BlackElo "2090"]
[PlyCount "79"]
[EventDate "1998.08.22"]

1. e4 e5 2. Nf3 Nf6 3. Nc3 Bb4 4. Bc4 O-O 5. O-O Nc6 6. Nd5 Bc5 7. d3 h6 8. c3
Re8 9. b4 Bf8 10. Qb3 a5 11. b5 a4 12. Qc2 Na5 13. Qxa4 d6 14. h3 Bd7 15. Be3
Nxd5 16. exd5 e4 17. Nd2 f5 18. dxe4 fxe4 19. Be2 Qh4 20. Rfe1 Re5 21. Nf3 Qe7
22. Nxe5 Qxe5 23. Qd4 Qe8 24. c4 Qg6 25. Kh2 Be7 26. Qd2 Bf6 27. Bd4 Bg5 28.
Qc3 b6 29. Bd1 Nb7 30. Bc2 Re8 31. Kh1 Bf4 32. a4 Bf5 33. Re2 Qh5 34. Rae1 Nc5
35. Bxc5 dxc5 36. Bxe4 Bd7 37. Qf3 Qxf3 38. Bxf3 Rf8 39. Bg4 Bf5 40. Bxf5 1-0

[Event "XVIII Festival Conca della Presolana Magistrale"]
[Site "Bratto - Castione della Presolana ITA"]
[Date "1998.08.??"]
[Round "?"]
[White "Cazzaniga, Walter"]
[Black "Bosio, Devis"]
[Result "0-1"]
[WhiteElo "2165"]
[BlackElo "1975"]
[PlyCount "58"]
[EventDate "1998.08.22"]

1. d4 f5 2. Nf3 Nf6 3. g3 g6 4. Bg2 Bg7 5. O-O O-O 6. c4 d6 7. Nc3 Qe8 8. d5 a5
9. Be3 Bd7 10. Qb3 b6 11. Bd4 Na6 12. Rfe1 h6 13. h4 Qf7 14. Rad1 Rae8 15. Qc2
e5 16. dxe6 Bxe6 17. b3 Ng4 18. Bxg7 Kxg7 19. e3 Nc5 20. Nd5 Ne4 21. Re2 g5 22.
Nd4 Ngf6 23. Nxf6 Qxf6 24. Bxe4 fxe4 25. Nxe6+ Rxe6 26. hxg5 hxg5 27. Kf1 Rh8
28. Ke1 Rh2 29. Qb2 Rh1+ 0-1

[Event "XVIII Festival Conca della Presolana Magistrale"]
[Site "Bratto - Castione della Presolana ITA"]
[Date "1998.08.??"]
[Round "?"]
[White "Cazzaniga, Walter"]
[Black "Eynard, Valdo"]
[Result "1-0"]
[WhiteElo "2165"]
[BlackElo "2085"]
[PlyCount "73"]
[EventDate "1998.08.22"]

1. d4 Nf6 2. c4 e6 3. Nf3 Bb4+ 4. Bd2 Bxd2+ 5. Nbxd2 d5 6. g3 Nbd7 7. Bg2 O-O
8. O-O c6 9. Qc2 Qa5 10. Rfd1 dxc4 11. Nxc4 Qh5 12. e4 Nb6 13. Nce5 Ng4 14.
Nxg4 Qxg4 15. a4 Nd7 16. a5 a6 17. Ra4 Qh5 18. h4 f6 19. Qb3 Re8 20. Bh3 Kh8
21. Kg2 h6 22. Bxe6 Rxe6 23. Qxe6 Ne5 24. g4 Bxe6 25. gxh5 Nxf3 26. Kxf3 Bb3
27. Raa1 Bxd1+ 28. Rxd1 Kg8 29. Kf4 Kf7 30. Kf5 Rd8 31. f4 Rd7 32. b4 Ke8 33.
d5 cxd5 34. exd5 Rd6 35. Ke4 b6 36. Rc1 Kd7 37. Rg1 1-0

[Event "XVIII Festival Conca della Presolana Magistrale"]
[Site "Bratto - Castione della Presolana ITA"]
[Date "1998.08.??"]
[Round "?"]
[White "Cazzaniga, Walter"]
[Black "Lovati, Paolo"]
[Result "0-1"]
[WhiteElo "2165"]
[BlackElo "2050"]
[PlyCount "74"]
[EventDate "1998.08.22"]

1. d4 d5 2. Nf3 Nc6 3. Bf4 Bg4 4. Nbd2 f6 5. h3 Bh5 6. c3 Qd7 7. e4 dxe4 8.
Nxe4 O-O-O 9. g4 Bf7 10. Nc5 Qe8 11. Nb3 e5 12. Be3 exd4 13. Nbxd4 Nxd4 14.
Nxd4 c5 15. Bb5 Qe5 16. Qa4 cxd4 17. cxd4 Qe4 18. Qxa7 Bb4+ 19. Ke2 Qc2+ 20.
Kf1 Bd2 21. Bxd2 Qxd2 22. Kg2 Bd5+ 23. Kg3 Bxh1 24. Rxh1 Ne7 25. Qc5+ Kb8 26.
Qxe7 Qxd4 27. Re1 g5 28. Re4 Qd6+ 29. Qxd6+ Rxd6 30. a4 Rhd8 31. b3 h5 32. gxh5
Rh8 33. Be2 Rb6 34. b4 Rd6 35. Bf3 Kc7 36. Re7+ Rd7 37. Bxb7 Rb8 0-1

[Event "XVIII Festival Conca della Presolana Magistrale"]
[Site "Bratto - Castione della Presolana ITA"]
[Date "1998.08.??"]
[Round "?"]
[White "Cazzaniga, Walter"]
[Black "Ruzzier, Dario"]
[Result "1/2-1/2"]
[WhiteElo "2165"]
[BlackElo "2090"]
[PlyCount "74"]
[EventDate "1998.08.22"]

1. d4 d5 2. c4 e6 3. Nc3 c5 4. cxd5 exd5 5. Nf3 Nc6 6. g3 Nf6 7. Bg2 Be7 8. O-O
O-O 9. Bg5 cxd4 10. Nxd4 h6 11. Be3 Re8 12. Rc1 Bg4 13. h3 Bh5 14. Nf5 Bf8 15.
g4 Bg6 16. Nxd5 Nxd5 17. Qxd5 Qf6 18. Qb5 Rab8 19. Bf4 Nd4 20. Nxd4 Qxf4 21. e3
Qf6 22. Rc7 a6 23. Qb3 Bd6 24. Rxb7 Rxb7 25. Bxb7 Rb8 26. Qd5 Qe7 27. Nc6 Qxb7
28. Qxd6 Re8 29. Ne5 Be4 30. f3 Qxb2 31. Nxf7 Bb7 32. Nd8 Rxe3 33. Ne6 Re2 34.
Qf8+ Kh7 35. Qf5+ Kg8 36. Qf8+ Kh7 37. Qf5+ Kg8 1/2-1/2

[Event "XVIII Festival Conca della Presolana Magistrale"]
[Site "Bratto - Castione della Presolana ITA"]
[Date "1998.08.??"]
[Round "?"]
[White "Cebalo, Miso"]
[Black "Belakovskaia, Anjelina"]
[Result "0-1"]
[WhiteElo "2535"]
[BlackElo "2380"]
[PlyCount "56"]
[EventDate "1998.08.22"]

1. d4 Nf6 2. Nf3 g6 3. c4 Bg7 4. Nc3 O-O 5. e4 d6 6. Be2 e5 7. O-O Nc6 8. Be3
Ng4 9. Bg5 f6 10. Bc1 f5 11. dxe5 Ngxe5 12. exf5 Bxf5 13. Be3 Kh8 14. Rc1 Nxf3+
15. Bxf3 Ne5 16. Be2 Qh4 17. f4 Ng4 18. Bxg4 Bxg4 19. Qd2 Rf5 20. Bd4 Rh5 21.
Bxg7+ Kxg7 22. g3 Qh3 23. Rce1 Rf8 24. Re7+ Rf7 25. Qd4+ Kh6 26. Qd2 Rxe7 27.
f5+ g5 28. f6 Re2 0-1

[Event "XVIII Festival Conca della Presolana Magistrale"]
[Site "Bratto - Castione della Presolana ITA"]
[Date "1998.08.??"]
[Round "?"]
[White "Cebalo, Miso"]
[Black "Lanzani, Mario"]
[Result "1-0"]
[WhiteElo "2535"]
[BlackElo "2395"]
[PlyCount "121"]
[EventDate "1998.08.22"]

1. d4 d5 2. Nf3 Nf6 3. c4 dxc4 4. e3 Bg4 5. Bxc4 e6 6. h3 Bh5 7. Nc3 a6 8. O-O
Nc6 9. Be2 Bd6 10. b3 O-O 11. Bb2 Re8 12. Rc1 Qe7 13. Nd2 Bxe2 14. Qxe2 Nd5 15.
Nce4 Rad8 16. Nc4 Bb4 17. a3 f5 18. Nc5 Bxc5 19. dxc5 Nf6 20. b4 Ne4 21. Rfe1
Qh4 22. f3 Ng5 23. Qf2 Qxf2+ 24. Kxf2 Rd7 25. Red1 Red8 26. Rxd7 Rxd7 27. Ke2
Kf8 28. Bc3 Nf7 29. g4 g6 30. a4 Ne7 31. b5 axb5 32. axb5 Rd5 33. Ra1 Ke8 34.
Bb4 Ne5 35. e4 fxe4 36. fxe4 Nxc4 37. exd5 Nxd5 38. Bd2 b6 39. Ra8+ Kf7 40.
cxb6 Ncxb6 41. Rd8 h5 42. gxh5 gxh5 43. Rh8 Nc4 44. Kd3 Nd6 45. Rb8 Nb6 46. Be3
Nd7 47. Rh8 Nf6 48. Bd4 Nxb5 49. Bxf6 Kxf6 50. Rxh5 e5 51. Rh7 c6 52. Rh6+ Kg5
53. Rxc6 Nd4 54. Rc8 Kf4 55. Rg8 Ne6 56. Ke2 Kf5 57. h4 Nf4+ 58. Kf2 Nd3+ 59.
Ke3 Nf4 60. Rg5+ Kf6 61. Ke4 1-0

[Event "XVIII Festival Conca della Presolana Magistrale"]
[Site "Bratto - Castione della Presolana ITA"]
[Date "1998.08.??"]
[Round "?"]
[White "Cebalo, Miso"]
[Black "Manca, Federico"]
[Result "1-0"]
[WhiteElo "2535"]
[BlackElo "2380"]
[PlyCount "89"]
[EventDate "1998.08.22"]

1. d4 Nf6 2. Nf3 g6 3. c4 Bg7 4. Nc3 O-O 5. e4 d6 6. Be2 c5 7. O-O cxd4 8. Nxd4
Nc6 9. Be3 Bd7 10. Qd2 Nxd4 11. Bxd4 Bc6 12. f3 a5 13. b3 Nd7 14. Be3 Nc5 15.
Rab1 Qb6 16. Nb5 Rfc8 17. Rfd1 Qd8 18. Nd4 Bd7 19. a3 Qf8 20. b4 axb4 21. axb4
Ne6 22. Nb3 Ra3 23. Qc1 Rxb3 24. Rxb3 Ba4 25. Rb1 Bxd1 26. Qxd1 Bh6 27. Bf2 Qg7
28. g3 Qe5 29. Qd5 Ra8 30. f4 Qc3 31. Bg4 Ra2 32. Bxe6 Rxf2 33. Bxf7+ Kf8 34.
Kxf2 Qc2+ 35. Kf3 Qxb1 36. Bg8 Qf1+ 37. Kg4 Qe2+ 38. Kh3 Qh5+ 39. Qxh5 gxh5 40.
Bxh7 Kg7 41. Bf5 e5 42. fxe5 dxe5 43. Kh4 Bd2 44. Kxh5 Bxb4 45. h4 1-0

[Event "XVIII Festival Conca della Presolana Magistrale"]
[Site "Bratto - Castione della Presolana ITA"]
[Date "1998.08.??"]
[Round "?"]
[White "Cebalo, Miso"]
[Black "Samaritani, Fabio"]
[Result "1-0"]
[WhiteElo "2535"]
[BlackElo "2305"]
[PlyCount "107"]
[EventDate "1998.08.22"]

1. Nf3 Nf6 2. c4 g6 3. Nc3 d5 4. cxd5 Nxd5 5. g3 Bg7 6. Bg2 O-O 7. O-O Nc6 8.
Ng5 Nb6 9. d3 e5 10. Bd2 h6 11. Nf3 Be6 12. Qc1 Kh7 13. Ne4 Nd7 14. b4 Rc8 15.
b5 Nd4 16. Nxd4 exd4 17. Nc5 Nxc5 18. Qxc5 b6 19. Qc6 Bd7 20. Qc4 Qe8 21. a4
Qxe2 22. Bb4 Be6 23. Qc1 Rfd8 24. Be4 Bd5 25. Re1 Qh5 26. Qf4 c5 27. bxc6 Rxc6
28. Bxd5 Qxd5 29. Re7 Rd7 30. Rae1 Rf6 31. Qd2 Re6 32. R7xe6 fxe6 33. Qc2 Rf7
34. h4 h5 35. Re4 Qf5 36. Qe2 e5 37. Bd6 Qf3 38. Bxe5 Qxe2 39. Rxe2 Re7 40. f4
Bxe5 41. fxe5 g5 42. e6 gxh4 43. gxh4 Kg6 44. Re5 Kf6 45. Rxh5 Kxe6 46. Kg2 Kd6
47. Rf5 Re2+ 48. Kg3 Ke6 49. Rf4 Re3+ 50. Rf3 Re5 51. Kg4 b5 52. axb5 Rxb5 53.
h5 Rb7 54. h6 1-0

[Event "XVIII Festival Conca della Presolana Magistrale"]
[Site "Bratto - Castione della Presolana ITA"]
[Date "1998.08.??"]
[Round "?"]
[White "Cetro, Carlo"]
[Black "Belotti, Bruno"]
[Result "0-1"]
[WhiteElo "2190"]
[BlackElo "2430"]
[PlyCount "64"]
[EventDate "1998.08.22"]

1. c4 g6 2. Nf3 Bg7 3. g3 Nf6 4. Bg2 O-O 5. O-O d6 6. Nc3 Nc6 7. Rb1 e5 8. d3
Re8 9. b4 e4 10. Nxe4 Nxe4 11. dxe4 Rxe4 12. Nd2 Re8 13. Bb2 Bxb2 14. Rxb2 Qf6
15. Rb3 Bf5 16. e4 Be6 17. Re1 Qd4 18. Bf1 a5 19. b5 Ne5 20. h3 c6 21. bxc6
bxc6 22. Nf3 Qc5 23. Qc1 Rab8 24. Nd2 Rb4 25. Rc3 a4 26. Kg2 Reb8 27. f4 Nd7
28. g4 f6 29. Be2 Rb2 30. Kg3 Rxa2 31. Bd1 Qd4 32. Nf3 Qf2# 0-1